| 000 | 00507nam a2200181Ia 4500 | ||
|---|---|---|---|
| 008 | 240925s9999 xx 000 0 und d | ||
| 020 | _a9812531114 | ||
| 082 | _a004.0151 JOH | ||
| 100 | _aJohnson ,James L. | ||
| 245 | 0 | _aProbability and Statistics For Computer Science | |
| 250 | _aNA | ||
| 260 |
_aNew Jersey: _bJohn wiley & Sons _c,2004. |
||
| 300 |
_a469p. _bNA _fPhotocopy |
||
| 500 | _aNA | ||
| 600 | _aComputer Science | ||
| 650 | _aComputer science, information & general works | ||
| 942 | _cBK | ||
| 999 |
_c9808 _d9808 |
||